000 00675nam a2200241Ia 4500
003 OSt
005 20221006150725.0
006 a|||||r|||| 00| 0
007 ta
008 221006b |||||||| |||| 00| 0 jpn d
024 _a19,587
037 _bGift, Japan Foundation
_cTextual
040 _aEASL
_cEASL
_bjpn
041 _2jpn
_ajpn
082 _aT4.42,2,d,K.N5, K2.
245 0 _aKeio gijuku hyakunen shi, 2 books
260 _aTokyo
_bTokyo Daigaku Shuppankai Japan
_c1962
300 _a911+1065p.
_ccm.
490 _v Bk.1 JL
650 _aJL
942 _hT4.42,2,d,K.N5, K2.
_cTEXL
_2CC
999 _c1087673
_d1087673